Ultimate Soccer Team Logos Quiz - Statistics

General Stats
  • This quiz has been taken 127 times
    119 since last reset
  • The average score is 88 of 124
Answer Stats
Picture Answer % Correct
Paris Saint-Germain
98%
Real Madrid
98%
A.C. Milan
97%
Bayer Leverkusen
97%
Liverpool
97%
Borussia Dortmund
96%
Juventus
96%
Manchester City
96%
Manchester United
96%
Ajax
95%
Chelsea
95%
A.S. Roma
94%
Sporting C.P.
94%
Napoli
93%
AS Monaco
91%
Inter Milan
91%
Leeds
91%
F.C. Barcelona
90%
Fulham F.C.
90%
Galatasaray
90%
Young Boys
90%
FC Bayern München
89%
Arsenal
88%
Aston Villa
86%
Olympiacos
86%
Atalanta
85%
Santos F.C.
85%
Tottenham Hotspur
85%
Lyon
84%
RB Leipzig
84%
Celtic
83%
F.C. Porto
83%
Lazio
83%
Brighton & Hove Albion
82%
Crystal Palace
82%
Everton
82%
Leicester City
82%
Real Betis
82%
S.L. Benfica
82%
West Ham
82%
Nottingham Forest
81%
Olympique Marseille
81%
PSV
81%
Valencia
80%
Athletic Club Bilbao
79%
Club Brugge
79%
Dynamo Kyiv
79%
Newcastle U. F.C.
79%
Swansea City
79%
Al-Nassr
78%
Bournemouth
78%
LOSC Lille
78%
Wolfsburg
78%
Al-Hilal
77%
Real Sociedad
77%
Villarreal
77%
Wolverhampton
77%
Fiorentina
76%
Hamburg
76%
Köln
76%
River Plate
76%
Southampton
76%
Feyenoord
74%
Flamengo
74%
RB Salzburg
73%
Bologna
72%
Burnley
71%
Brentford
70%
Celta de Vigo
70%
Girona
70%
Nantes
70%
Stuttgart
70%
Werder Bremen
70%
Torino
69%
F.K. Shakhtar
68%
Hull City
68%
Nice
68%
Copenhage
67%
Mainz
67%
Seattle Sounders F.C.
67%
F.C. Basel
66%
Levante
66%
Rayo Vallecano
66%
Union Berlin
66%
Club América
65%
Como
65%
Lens
65%
Borussia Mönchengladbach
63%
Sevilla F.C.
63%
Botafogo
62%
Osasuna
62%
Fluminense
61%
S.C. Braga
61%
Stade Rennais
61%
Fenerbahçe
60%
Montpellier
60%
Genoa
59%
Toulouse
59%
Red Star Belgrade
57%
Augsburg
56%
GNK Dinamo Zagreb
55%
R.C. Strasbourg
55%
Royal Antwerp F.C.
55%
Verona
54%
Metz
53%
F.C. Luzern
52%
Venezia
52%
São Paulo F.C.
51%
AC Sparta Prague
49%
Palmeiras
49%
Trabzonspor
49%
Corinthians
48%
Real Valladolid
48%
Grêmio
46%
Real Oviedo
45%
Stade Brestois
44%
Al-Ahly
41%
Vasco da Gama
37%
Atlético Mineiro
33%
F.K. Dinamo Moskva
29%
Rio Ave
28%
Panathinaikos FC
23%
Casa Pia
17%
F.C.G. Bordaeux
6%
No matching quizzes found
Score Distribution
Percent of People with Each Score
Percentile by Number Answered
Your Score History
You have not taken this quiz since the last reset